ARM pro začátečníky

Uložené v:
Podrobná bibliografia
Hlavný autor: Váňa, Vladimír (Autor)
Médium: Kniha
Jazyk:Czech
Vydavateľské údaje: Praha : BEN - technická literatura, 2009
Vydanie:1. vyd.
Predmet:
Tagy: Pridať tag
Žiadne tagy, Buďte prvý, kto otaguje tento záznam!

MARC

LEADER 00000nam a22000003a 4500
001 stu196688
005 20220513100204.1
008 091204s2009----xr------------------cze-d
020 |a 978-80-7300-246-6 
040 |a STU  |b slo 
041 0 |a cze 
044 |a xr 
080 |a 681.65 
080 |a 004.424 
080 |a 004.42 
100 1 |a Váňa, Vladimír  |4 aut 
245 1 |a ARM pro začátečníky 
250 |a 1. vyd. 
260 |a Praha :  |b BEN - technická literatura,  |c 2009 
300 |a 195 s. 
650 7 |a ARM  |2 stusub 
650 7 |a CPU  |2 stusub 
650 7 |a programovacie jazyky  |2 stusub 
650 7 |a programovacie metódy  |2 stusub 
650 7 |a programovanie  |2 stusub 
996 |b 284EK88148  |c E*88148  |l EE01  |s A  |a 24  |w stu196688_0001